Welcoming workplace (Record no. 109159)

MARC details
000 -LEADER
fixed length control field 01153cad a22002175a 4500
001 - CONTROL NUMBER
control field L146398
008 - FIXED-LENGTH DATA ELEMENTS--GENERAL INFORMATION
fixed length control field 090116s2008 xxk f 000 0 eng d
035 ## - SYSTEM CONTROL NUMBER
System control number (Sirsi) u146398
041 0# - LANGUAGE CODE
Language code of text/sound track or separate title eng
050 04 - LIBRARY OF CONGRESS CALL NUMBER
Classification number 333.32 $2 18
110 2# - MAIN ENTRY--CORPORATE NAME
Corporate name or jurisdiction name as entry element British Council for Offices
9 (RLIN) 3992
245 00 - TITLE STATEMENT
Title Welcoming workplace
Remainder of title designing office space for an ageing workforce in the 21st century knowledge economy
Medium [electronic resource]
260 ## - PUBLICATION, DISTRIBUTION, ETC.
Place of publication, distribution, etc. London
Name of publisher, distributor, etc. British Council
Date of publication, distribution, etc. 2008
520 ## - SUMMARY, ETC.
Summary, etc. Presents a summary of the findings of the Welcoming Workplace research project and reflects upon its implications for office designers and developers. Discusses the key issues organisations should consider when creating or improving work environments in the context of an ageing workforce. Concludes that such improvements will usually benefit the whole workforce, not just older staff.
521 ## - TARGET AUDIENCE NOTE
Target audience note Advanced
590 ## - LOCAL NOTE (RLIN)
Local note KA
651 #4 - SUBJECT ADDED ENTRY--GEOGRAPHIC NAME
Geographic name United Kingdom
Chronological subdivision
690 ## - LOCAL SUBJECT ADDED ENTRY--TOPICAL TERM (OCLC, RLIN)
Topical term or geographic name as entry element PROPERTY-COMMERCIAL PROPERTY-OFFICE PROPERTY-OFFICES
856 40 - ELECTRONIC LOCATION AND ACCESS
Uniform Resource Identifier <a href="https://www.bco.org.uk/research/researchreports/detail.cfm?rid=127">https://www.bco.org.uk/research/researchreports/detail.cfm?rid=127</a>
Public note View the item free of charge at www.bco.org.uk...
942 ## - ADDED ENTRY ELEMENTS (KOHA)
Suppress in OPAC 0
Holdings
Withdrawn status Lost status Source of classification or shelving scheme Damaged status Not for loan Home library Current library Shelving location Date acquired Total Checkouts Full call number Barcode Date last seen Copy number Price effective from Koha item type
    Dewey Decimal Classification     Virtual Virtual Online 16/01/2009   ONLINE PUBLICATION 146398-1001 06/08/2019 1 06/08/2019 Book